Amount of royalty rate as key parameter of valuation of intellectual property
Enregistré dans:
| Auteur principal: | |
|---|---|
| Autres auteurs: | , |
| Format: | Chapitre de livre |
| Langue: | anglais |
| Sujets: | |
| Tags: |
Pas de tags, Soyez le premier à ajouter un tag!
|
MARC
| LEADER | 00000nla a2200000 4500 | ||
|---|---|---|---|
| 001 | 0238681 | ||
| 005 | 20240527081701.6 | ||
| 041 | 0 | |a eng | |
| 044 | |a SK | ||
| 245 | 1 | 0 | |a Amount of royalty rate as key parameter of valuation of intellectual property |c Jan Havier, Monika Jančovičová, Adam Bartoš |
| 610 | 2 | 0 | |a vlastníctvo duševné |
| 610 | 2 | 0 | |a oceňovanie ekonomické |
| 610 | 2 | 0 | |a sadzby daňové |
| 100 | 1 | |a Havier, Jan, 1989- | |
| 700 | 1 | |a Jančovičová, Monika, 1991- | |
| 700 | 1 | |a Bartoš, Adam | |